| 000 | 01039nam0a22002651 4500 | ||
|---|---|---|---|
| 001 | rc\4664248 | ||
| 005 | 20130416203644.1 | ||
| 021 |
_aRU _b[61-48772] |
||
| 035 | _a(NLR Aleph) 008698666 | ||
| 090 |
_a9284768 _c9284768 |
||
| 100 | _a20130416d1961 |||y0rusy50 ca | ||
| 101 | 0 | _arus | |
| 102 | _aRU | ||
| 105 | _ay z ||||| | ||
| 200 | 1 |
_aНовые лекарственные препараты в Советском Союзе и за рубежом _fМ-во здравоохранения СССР. Всесоюз. науч.-исслед. хим.-фармацевтич. ин-т им. Серго Орджоникидзе "ВНИХВИ" |
|
| 210 |
_aМосква _cБ. и. _d1961 |
||
| 215 |
_a54 с. _d29 |
||
| 606 |
_aХимико-фармацевтические препараты _2psbo |
||
| 606 |
_aЛекарства _2psbo |
||
| 700 | 1 |
_aПершин _bГ. Н. _f1908- _gГригорий Николаевич |
|
| 801 | 0 |
_aRU _bNLR _gpsbo |
|
| 801 | 1 |
_aRU _bELAR _2rusmarc |
|
| 852 |
_aNLR _j61-8/1793 |
||
| 942 | _cBOOK | ||
| 980 | _aNB | ||